00551 2200181 4500001002100000005001500021035002000036007000300056008004100059082001500100084002100115245012700136260003300263300002800296650001400324110001400338990001700352INLIS00000000000263020240703125113 a0010-0724000092ta240703 f 0 ind  a320.509 58 a320.509 58 BP7 b1 aBahan Penataran :bPedoman Penghayatan dan Pengamalan Pancasila, Undang-Undang Dasar 1945, Garis-Garis Besar Haluan Negara aJakarta :bBP-7 Pusat,c1995 axv + 271 hlm. ;c18 cm. 4aPancasila0 aBP7 Pusat a20240221.007